书目信息 |
| 题名: |
中国香事
|
|
| 作者: | 李萌 主编 | |
| 分册: | ||
| 出版信息: | 北京 中国轻工业出版社 2020.8 |
|
| 页数: | 245页 | |
| 开本: | 26cm | |
| 丛书名: | ||
| 单 册: | ||
| 中图分类: | TQ65 | |
| 科图分类: | ||
| 主题词: | 香料--文化--中国 | |
| 电子资源: | ||
| ISBN: | 978-7-5184-2591-4 | |
| 000 | 00787nam0 2200229 45 | |
| 001 | 012001001139 | |
| 005 | 20140913081430.0 | |
| 010 | @a978-7-5184-2591-4@b精装@dCNY168.00 | |
| 100 | @a20200908d2020 em y0chiy50 ea | |
| 101 | 0 | @achi |
| 102 | @aCN@b110000 | |
| 105 | @aa z 000yy | |
| 106 | @ar | |
| 200 | 1 | @a中国香事@Azhong guo xiang shi@b专著@f李萌主编 |
| 210 | @a北京@c中国轻工业出版社@d2020.8 | |
| 215 | @a245页@c彩照@d26cm | |
| 330 | @a本书梳理了中国香事发展历程中所涉及的重要时期、香事的器用及文化价值等内容体系,为想要了解中国香事文化却又不知从何下手的读者展现中国香事概貌,为读者进行深入了解提供索引。 | |
| 606 | 0 | @a香料@x文化@y中国 |
| 690 | @aTQ65@v5 | |
| 701 | 0 | @a李萌@Ali meng@c(宗教文化)@4主编 |
| 801 | 0 | @aCN@bBJSDL@c20211011 |
| 905 | @b1333200-3@dTQ65@e92@f4 | |
| 中国香事/李萌主编.-北京:中国轻工业出版社,2020.8 |
| 245页:彩照;26cm |
| ISBN 978-7-5184-2591-4(精装):CNY168.00 |
| 本书梳理了中国香事发展历程中所涉及的重要时期、香事的器用及文化价值等内容体系,为想要了解中国香事文化却又不知从何下手的读者展现中国香事概貌,为读者进行深入了解提供索引。 |
| ● |
| 相关链接 |
|
|
|
|
正题名:中国香事
索取号:TQ65/92
 
预约/预借
| 序号 | 登录号 | 条形码 | 馆藏地/架位号 | 状态 | 备注 |
| 1 | 1333200 | 213332008 | 第二样本阅览室/ [索取号:TQ65/92] | 在馆 | |
| 2 | 1333201 | 213332017 | 第三借阅区/ [索取号:TQ65/92] | 在馆 | |
| 3 | 1333202 | 213332026 | 第三借阅区/ [索取号:TQ65/92] | 在馆 | |
| 4 | 1333203 | 213332035 | 第三借阅区/ [索取号:TQ65/92] | 在馆 |